00345cam a22001097a 4500008004000000082001800040100002600058245007600084260003000160300001000190650003500200180718b1980 xxu||||| |||| 00| 0 eng d aB73x5444 L149 aLakshminarayana, H.D. aDemocracy in rural India: problems and processcby H.D. Lakshminarayana aNew DelhibNationalc1980 a128p. aVillage panchayats - Karnataka